000 00476nam a2200157 i 4500
001 98338
003 ES-MaACL
005 20230906182250.0
007 t|
008 050728q1918 sp ||||1| spa d
100 1 _aMartí, Jacinto.
_977186
245 1 3 _aLa técnica moderna en el tratamiento de las fracturas de los miembros /
_cpor Jacinto Martí.
260 _aBarcelona :
_bMariano Roig,
_c[1918?]
300 _aXV, 300 p. :
_bil. ;
_c19 cm.
852 _aES-MaACL
_jB-11939
999 _c98338
_d98338